| 000 | 00569nam a2200157 a 4500 | ||
|---|---|---|---|
| 001 | 4133 | ||
| 005 | 20140414131933.0 | ||
| 008 | 090217s19uu xx 00 eng d | ||
| 020 | _a1-84322-078-4 | ||
| 050 |
_aREF 423.19 _bIl6 2001 |
||
| 245 |
_aIllustrated dictionary : _ba complete reference guide with over 400 colour illustrations and photographs. |
||
| 260 |
_aTelford Place, Penraeth Road, Menai Bridge, Isle of Anglesey : _bS. Webb & Son, _cc2001. |
||
| 300 | _a256 p. : col., ill. ; cm. | ||
| 650 |
_aEnglish language _xDictionaries, Juvenile. |
||
| 999 |
_c112328 _d112328 |
||